banner koha

Avaliação da viabilidade econômica da produção de mamão em sistema convencional e de produção integrada de frutas (Registro n. 222676)

MARC details
000 -LÍDER
campo de controle de tamanho fixo 01069nas a2200337 4500
001 - NÚMERO DE CONTROLE
campo de controle BR2012007541
003 - IDENTIFICADOR DO NÚMERO DE CONTROLE
campo de controle BR-BrBNA
005 - DATA E HORÁRIO DA ÚLTIMA TRANSAÇÃO
campo de controle 20231205121254.0
007 - CAMPO FIXO DE DESCRIÇÃO FÍSICA--INFORMAÇÃO GERAL
campo de controle de tamanho fixo ta
008 - CAMPO DE DADOS FIXOS--INFORMAÇÃO GERAL
campo de controle de tamanho fixo 230509b bl.|||p| |||| 00| 00por d
040 ## - FONTE DA CATALOGAÇÃO
Instituição da catalogação original BR-BrBNA
Idioma da catalogação por
Instituição que transcreveu o registro Biblioteca Nacional de Agricultura
041 ## - CÓDIGO DE IDIOMA
Código do idioma do texto/trilha sonora ou título diferente (Pt)
072 ## - CÓDIGO DE CATEGORIA DE ASSUNTO
Código de Categoria de Assunto E16; D50; E71
100 1# - ENTRADA PRINCIPAL--NOME PESSOAL
Nome pessoal Mendonça, T.G. de
100 1# - ENTRADA PRINCIPAL--NOME PESSOAL
Nome pessoal Lírio, V.S.
100 1# - ENTRADA PRINCIPAL--NOME PESSOAL
Nome pessoal Moura, A.D.
100 1# - ENTRADA PRINCIPAL--NOME PESSOAL
Nome pessoal Reis, B. dos S.
100 1# - ENTRADA PRINCIPAL--NOME PESSOAL
Nome pessoal Silveira, S. de F.R.
245 1# - TÍTULO
Título Avaliação da viabilidade econômica da produção de mamão em sistema convencional e de produção integrada de frutas
650 ## - ASSUNTO--TERMO TÓPICO
Cabeçalho tópico ou nome geográfico PRODUÇÃO AGRÍCOLA
650 ## - ASSUNTO--TERMO TÓPICO
Cabeçalho tópico ou nome geográfico FRUTA
650 ## - ASSUNTO--TERMO TÓPICO
Cabeçalho tópico ou nome geográfico MAMÃO
650 ## - ASSUNTO--TERMO TÓPICO
Cabeçalho tópico ou nome geográfico PRÁTICA CULTURAL
650 ## - ASSUNTO--TERMO TÓPICO
Cabeçalho tópico ou nome geográfico CUSTO DE PRODUÇÃO
650 ## - ASSUNTO--TERMO TÓPICO
Cabeçalho tópico ou nome geográfico EXPORTAÇÃO
650 ## - ASSUNTO--TERMO TÓPICO
Cabeçalho tópico ou nome geográfico CERTIFICAÇÃO DE PRODUTO
650 ## - ASSUNTO--TERMO TÓPICO
Cabeçalho tópico ou nome geográfico ANÁLISE DE RISCO
773 0# - ENTRADA ANALÍTICA
Título Revista Econômica do Nordeste (Brazil)
ISSN - International Standard Serial Number ISSN 0100-4956
Partes relacionadas (Oct-Dez 2009), v. 40(4) p. 699-723
Número de controle do registro BR2012007541
909 ## -
-- 202311
-- Lúcia
-- 55
-- Lúcia Elande
942 ## - ELEMENTOS DE ENTRADA ADICIONADOS (KOHA)
Fonte da classificação ou esquema de arquivamento na estante Classificação AGRIS
Ocultar no OPAC Não
Tipo de material Koha Analítica
Exemplares
Situação do descarte Fonte da classificação ou esquema de arquivamento na estante Situação física Não pode ser emprestado Biblioteca de origem Biblioteca atual Localização na estante Enumeração do periódico / cronologia Total de empréstimos Data de último acesso Número do exemplar Tipo de material Koha Fonte de aquisição
  Classificação AGRIS   Consulta local Biblioteca Nacional de Agricultura - Binagri Biblioteca Nacional de Agricultura - Binagri   (Oct-Dez 2009), v. 40(4) p. 699-723   29/11/2023 01 Periódicos Portaria Interministerial nº 164/94

BINAGRI

Telefone: (61)3218-2567/2388/3357/2097 - binagri@agro.gov.br

Ministério da Agricultura e Pecuária , Esplanada dos Ministérios, Bloco D, Anexo B, Brasília/DF, CEP: 70.043-900